Uma Thurman Movies - Statistics

General Stats
  • This quiz has been taken 15 times
    3 since last reset
  • The average score is 4 of 15
Answer Stats
Release Year Costars Movie % Correct
1994 John Travolta, Samuel L. Jackson Pulp Fiction
100%
2005 John Travolta, Danny DeVito Be Cool
50%
1997 Ethan Hawke, Jude Law Gattaca
50%
2003 Lucy Liu, Sonny Chiba Kill Bill vol. 1
50%
2004 David Carradine, Michael Madsen Kill Bill vol. 2
50%
2003 Ben Affleck, Aaron Eckhart Paycheck
50%
2012 Robert Pattinson, Christina Ricci Bel Ami
0%
1988 Glenn Close, John Malkovich Dangerous Liasisons
0%
1992 Andy Garcia, Lance Henriksen Jennifer 8
0%
1988 Anthony Michael Hall, Robert Downey Jr. Johnny Be Good
0%
2010 Logan Lerman, Rosario Dawson Percy Jackson & The Olympians: The Lightning Thief
0%
1991 Patrick Bergin, Edward Fox Robin Hood
0%
2018 Matt Dillon, Bruno Ganz The House That Jack Built
0%
2024 Charlize Theron, Chiwetel Ejiofor The Old Guard 2
0%
2020 Robert De Niro, Christopher Walken The War with Grandpa
0%
No matching quizzes found
Score Distribution
Percent of People with Each Score
Percentile by Number Answered
Your Score History
You have not taken this quiz since the last reset